<?xml version="1.0" encoding="UTF-8"?>
<collection xmlns="http://www.loc.gov/MARC21/slim">
<record>
  <controlfield tag="001">101127</controlfield>
  <controlfield tag="005">20210520140815.0</controlfield>
  <datafield tag="037" ind1=" " ind2=" ">
    <subfield code="a">TESIS-2021-114</subfield>
  </datafield>
  <datafield tag="041" ind1=" " ind2=" ">
    <subfield code="a">spa</subfield>
  </datafield>
  <datafield tag="080" ind1=" " ind2=" ">
    <subfield code="a">72</subfield>
  </datafield>
  <datafield tag="100" ind1="1" ind2=" ">
    <subfield code="a">Prieto Mochales, Luis Fernando</subfield>
  </datafield>
  <datafield tag="245" ind1="0" ind2="0">
    <subfield code="a">Análisis y evaluacion del patrimonio de la arquitectura de colonización</subfield>
  </datafield>
  <datafield tag="260" ind1=" " ind2=" ">
    <subfield code="a">Zaragoza</subfield>
    <subfield code="b">Universidad de Zaragoza, Prensas de la Universidad</subfield>
    <subfield code="c">2020</subfield>
  </datafield>
  <datafield tag="300" ind1=" " ind2=" ">
    <subfield code="a">442</subfield>
  </datafield>
  <datafield tag="490" ind1="0" ind2=" ">
    <subfield code="a">Tesis de la Universidad de Zaragoza</subfield>
    <subfield code="x">2254-7606</subfield>
    <subfield code="v">2021-114</subfield>
  </datafield>
  <datafield tag="500" ind1=" " ind2=" ">
    <subfield code="a">Presentado:  24 11 2020</subfield>
  </datafield>
  <datafield tag="502" ind1=" " ind2=" ">
    <subfield code="a">Tesis-Univ. Zaragoza,  , 2020</subfield>
    <subfield code="b">Zaragoza, Universidad de Zaragoza</subfield>
    <subfield code="c">2020</subfield>
  </datafield>
  <datafield tag="520" ind1=" " ind2=" ">
    <subfield code="a">LA TESIS TIENE POR OBJETO ANALIZAR Y EVALUAR EL PATRIMONIO ARQUITECTÓNICO DE LOS 10 POBLADOS DE COLONIZACIÓN PERTENECIENTES A LA COMARCA DE LOS MONEGROS (ARAGÓN).  ESTOS PUEBLOS FUERON CONSTRUIDOS POR LA DELEGACIÓN REGIONAL DEL EBRO, UNA DE LAS 7 DELEGACIONES EN LAS QUE SE ORGANIZÓ EL INSTITUTO NACIONAL DE COLONIZACIÓN PARA LLEVAR A CABO SUS PLANES DE COLONIZACIÓN EN TODO EL TERRITORIO ESPAÑOL. PARA ALCANZAR LOS OBJETIVOS PROPUESTOS POR LA TESIS, EN PRIMER LUGAR SE FIJAN LOS POSIBLES VALORES PATRIMONIABLES DE LA ARQUITECTURA Y EL URBANISMO DE LOS POBLADOS. A CONTINUACIÓN SE EVALÚA EL ESTADO ACTUAL DE ESTE PATRIMONIO AL TIEMPO QUE SE ANALIZAN LOS INSTRUMENTOS VIGENTES QUE REGULAN SU CONSERVACIÓN Y LA INTERVENCIÓN EN EL MISMO. FINALMENTE, SE PROPONEN POSIBLES LÍNEAS DE ACTUACIÓN CON LA IDEA DE MEJORAR ESTOS INSTRUMENTOS”.&lt;br /></subfield>
  </datafield>
  <datafield tag="506" ind1=" " ind2=" ">
    <subfield code="a">all-rights-reserved</subfield>
  </datafield>
  <datafield tag="520" ind1=" " ind2=" ">
    <subfield code="a">&lt;br /></subfield>
  </datafield>
  <datafield tag="521" ind1=" " ind2=" ">
    <subfield code="9">7105</subfield>
    <subfield code="a">Programa de Doctorado en Nuevos territorios en Arquitectura</subfield>
  </datafield>
  <datafield tag="653" ind1="1" ind2=" ">
    <subfield code="a">arquitectura</subfield>
  </datafield>
  <datafield tag="700" ind1=" " ind2=" ">
    <subfield code="a">Díez Medina, Carmen </subfield>
    <subfield code="e">dir.</subfield>
  </datafield>
  <datafield tag="700" ind1=" " ind2=" ">
    <subfield code="a">Bambó Naya, Raimundo </subfield>
    <subfield code="e">dir.</subfield>
  </datafield>
  <datafield tag="710" ind1="2" ind2=" ">
    <subfield code="a">Universidad de Zaragoza</subfield>
    <subfield code="b"> </subfield>
  </datafield>
  <datafield tag="830" ind1=" " ind2=" ">
    <subfield code="9">517</subfield>
  </datafield>
  <datafield tag="856" ind1="0" ind2=" ">
    <subfield code="f">tdr@unizar.es</subfield>
  </datafield>
  <datafield tag="856" ind1="4" ind2=" ">
    <subfield code="u">http://zaguan.unizar.es/record/101127/files/TESIS-2021-114.pdf</subfield>
    <subfield code="z">Texto completo (spa)</subfield>
    <subfield code="s">55250440</subfield>
  </datafield>
  <datafield tag="909" ind1="C" ind2="O">
    <subfield code="o">oai:zaguan.unizar.es:101127</subfield>
    <subfield code="p">driver</subfield>
    <subfield code="p">tesis</subfield>
  </datafield>
  <datafield tag="910" ind1="2" ind2=" ">
    <subfield code="a"></subfield>
    <subfield code="b"> </subfield>
  </datafield>
  <datafield tag="980" ind1=" " ind2=" ">
    <subfield code="a">TESIS</subfield>
  </datafield>
</record>
</collection>